Ordinary Differential Equations (Record no. 610278)

000 -LEADER
fixed length control field 00365nam a22001337a 4500
020 ## - INTERNATIONAL STANDARD BOOK NUMBER
International Standard Book Number 9788120336384
040 ## - CATALOGING SOURCE
Transcribing agency Nust
082 ## - DEWEY DECIMAL CLASSIFICATION NUMBER
Classification number 515.35
Author Mark BIS
100 ## - MAIN ENTRY--PERSONAL NAME
Personal name Purna Chandra Biswal
9 (RLIN) 124407
245 ## - TITLE STATEMENT
Title Ordinary Differential Equations
260 ## - PUBLICATION, DISTRIBUTION, ETC.
Place of publication, distribution, etc. New Delhi:
Name of publisher, distributor, etc. PHI Learning Pvt Ltd,
Date of publication, distribution, etc. 2008.
650 ## - SUBJECT ADDED ENTRY--TOPICAL TERM
Topical term or geographic name entry element Ordinary Differential Equations
9 (RLIN) 10488
942 ## - ADDED ENTRY ELEMENTS (KOHA)
Source of classification or shelving scheme
Koha item type Book
Holdings
Withdrawn status Lost status Source of classification or shelving scheme Damaged status Not for loan Permanent Location Current Location Shelving location Date acquired Total Checkouts Full call number Barcode Date last seen Price effective from Koha item type
          College of Electrical & Mechanical Engineering (CEME) College of Electrical & Mechanical Engineering (CEME) General Stacks 07/11/2024   515.35 BIS CEME- 46867 07/11/2024 07/11/2024 Book
© 2023 Central Library, National University of Sciences and Technology. All Rights Reserved.